Metodología para la transmisión de datos GNSS a través del NTRIP para las estaciones de referencia de operación continua pertenecientes a la Red Geodésica Nacional de Referencia Horizontal de Costa Rica

Αποθηκεύτηκε σε:
Λεπτομέρειες βιβλιογραφικής εγγραφής
Κύριος συγγραφέας: Irías Brenes, Raquel, 1982-
Άλλοι συγγραφείς: Valderrama Castellón, Daniel, 1985-, Cordero Gamboa, Gabriela, 1979- Directora del TFG
Μορφή: Βιβλίο
Γλώσσα:Spanish
Έκδοση: San Pedro, Costa Rica 2019
Θέματα:
Ετικέτες: Προσθήκη ετικέτας
Δεν υπάρχουν, Καταχωρήστε ετικέτα πρώτοι!

MARC

LEADER 00000nam a22000007a 4500
003 013119
005 20230505135659.0
008 190911b2019 c a|||| |m|| 00| ||spa d
040 |c cru CEDI 
100 |9 496  |a  Irías Brenes, Raquel, 1982- 
245 |a Metodología para la transmisión de datos GNSS a través del NTRIP para las estaciones de referencia de operación continua pertenecientes a la Red Geodésica Nacional de Referencia Horizontal de Costa Rica 
260 |a San Pedro, Costa Rica  |c 2019 
500 |a Proyecto de graduación (licenciatura en ingeniería topográfica)--Universidad de Costa Rica. Facultad de Ingeniería. Escuela de Ingeniería Topográfica 
501 |a Directora de Proyecto de Graduación: Lic. Gabriela Cordero Gamboa 
650 |x REDES (GEODESIA)   |x SISTEMA GLOBAL DE POSICIONAMIENTO  |x TOPOGRAFIA  
700 |9 498  |a Valderrama Castellón, Daniel, 1985- 
700 |9 497  |a Cordero Gamboa, Gabriela, 1979-  |d Directora del TFG 
942 |c CEDI  |h TFG 8269  |6 TFG_8269_000000000000000 
999 |c 21786  |d 21786